000 00999nam a2200277Ia 4500
003 OSt
005 20221005110838.0
006 a|||||r|||| 00| 0
007 ta
008 221004b |||||||| |||| 00| 0 hin d
020 _a9788126719778 (hbk)
_c395
024 _a108337
037 _b1460, 17/03/2011, Kiran Book Service
_cTextual
040 _aCRL
_cCRL
_bhin
041 _2hin
_ahin
082 _aB2xF14, 152Q1
100 _aमुले, गुणाकर
245 0 _aभास्कराचार्य
246 _aBhāskarāchārya
260 _aनई दिल्ली
_bराजकमल प्रकाशन भारत
_c2011
300 _a292पृ0
_ccm.
490 _aभारतीय गणित - ज्योतिष का इतिहास
650 _aग्थ्ण्ज्ञत्
942 _hB2xF14, 152Q1
_cTEXL
_2cc
999 _c1020052
_d1020052